O postgraduálnej foniatrickej výučbe lekárov a špeciálnych pedagógov pracujúcich v zdravotníctve

Bibliographic Details
Main Author: Urbanová, Oľga (Author)
Format: Article
Language:Slovak
PhysicalDescription:Res. rus., nem., angl., lit. 2 zázn. v slov., češ.
Subjects:

MARC

LEADER 00000nab a2200000 a 4500
001 vtls000192714
003 SK-MaSNL
005 20260304061018.0
008 250422c1984 xo 0 slo
015 |a SNBRB19rr/mm-uuuuu 
035 |a CL0202827 
035 |a urn:nbn:sk:snk-ab6mwf 
035 |a (uuid)52287b6a-2883-4cfe-9853-6db6dfec4b82 
035 |a (urnnbn)urn:nbn:sk:snk:ar-005k8v 
035 |a (sysno)vtls000192714 
040 |a SNKBUCL  |b slo  |c SNKBUCL  |e AACR2 
041 0 |a slo 
044 |a xo  |c SK 
080 |a 616.22-008.1+616.28-008.1:377.4  |2 1981 
080 |a 616.28-008.1  |2 1981 
080 |a 377.4  |2 1981 
100 1 |a Urbanová, Oľga  |4 aut  |9 934486 
245 1 0 |a O postgraduálnej foniatrickej výučbe lekárov a špeciálnych pedagógov pracujúcich v zdravotníctve  |c O. Urbanová 
300 |b Res. rus., nem., angl., lit. 2 zázn. v slov., češ. 
650 0 7 |a foniatria  |2 snkbucl  |9 18437 
650 0 7 |a logopédia  |2 snkbucl  |9 921 
655 7 |a články z novín a časopisov  |2 snkbucl  |9 267496 
773 0 |t Lekársky obzor  |g Roč. 33, č. 8 (1984), s. 481-484 
850 |a Slovenská národná knižnica 
852 |a Slovenská národná knižnica 
954 |a odborná, vedecká literatúra pôvodná (slovenská)  |2 lita 
958 |a article2022 
958 |a OND 
958 |a NB 
958 |a RK 
958 |a MI 
958 |a EUIPO 
992 |a RBX 
999 |c 2731032  |d 2732962